00565nam a2200169Ia 4500008004100000040001900041041001200060082003600072100002600108245008000134260002600214300003800240504004800278650001400326700003300340850002200373131103s9999 xx 000 0 und d aLoreto College aEnglish a551.404/DAVbLCLIB(Press)/18554 aDavis, William Morris aGeographical essayscWilliam Morris Davis; edited by Douglas Wilson Johnson aNew YorkbDoverc1910 aiv,777p.b ill.,chart,mapc 21cm. aIncludes bibliographical references & index aGeography aJohnson, Douglas Wilson; ed. aLCLIB/551.404/DAV